[Event "POL-chT 57th"]
[Site "Glogow"]
[Date "2001.09.15"]
[Round "8"]
[White "Jakubowski, Krzysztof"]
[Black "Jakubowski, Tomasz"]
[Result "0-1"]
[WhiteElo "2376"]
[BlackElo "2305"]
[PlyCount "104"]
[EventDate "2001.09.08"]
[EventType "team-tourn"]
[EventRounds "9"]
[EventCountry "POL"]
[SourceTitle "EXT 2019"]
[Source "ChessBase"]
[SourceDate "2018.10.10"]
[SourceVersion "1"]
[SourceVersionDate "2018.10.10"]
[SourceQuality "1"]
[WhiteTeam "Lomza Devo Maraton"]
[BlackTeam "Lublin UMCS"]
[WhiteTeamCountry "POL"]
[BlackTeamCountry "POL"]

1. e4 c5 2. Nf3 d6 3. d4 cxd4 4. Nxd4 Nf6 5. Nc3 a6 6. Be3 e5 7. Nb3 Be6 8. f3 Nbd7 9. g4 b5 10. g5 b4 11. Ne2 Nh5 12. Ng3 Nf4 13. Qd2 Qxg5 14. Rg1 g6 15. 0-0-0 Qd8 16. Kb1 Be7 17. Bxf4 exf4 18. Qxf4 Qb6 19. Be2 Rc8 20. Qd2 a5 21. Nd4 Bc4 22. Bxc4 Rxc4 23. Nde2 Ne5 24. f4 Nf3 25. Qd3 Nxg1 26. Qxc4 Nxe2 27. Qxe2 0-0 28. Nf1 Qc6 29. Qd3 f5 30. exf5 Rxf5 31. Ne3 Rxf4 32. Nd5 Rf7 33. h4 Bxh4 34. Qe4 Qc5 35. a4 Bg3 36. Qe6 Kg7 37. Rh1 Qf2 38. Qh3 h5 39. Qe6 Be5 40. Rd1 Qe2 41. Rg1 Rf1+ 42. Rxf1 Qxf1+ 43. Ka2 Qc4+ 44. Kb1 Qf1+ 45. Ka2 Qc4+ 46. Kb1 Qd4 47. c3 Qd1+ 48. Ka2 Qxa4+ 49. Kb1 b3 50. Qe7+ Kh6 51. Qf8+ Bg7 52. Qxd6 Qe4+ 0-1

[Event "POL-chT 56th"]
[Site "Zakopane"]
[Date "2000.09.09"]
[Round "7"]
[White "Jakubowski, Tomasz"]
[Black "Owczarzak, Jerzy"]
[Result "1/2-1/2"]
[WhiteElo "2311"]
[BlackElo "2249"]
[PlyCount "37"]
[EventDate "2000.09.02"]
[EventType "team-tourn"]
[EventRounds "11"]
[EventCountry "POL"]
[SourceTitle "EXT 2019"]
[Source "ChessBase"]
[SourceDate "2018.10.10"]
[SourceVersion "1"]
[SourceVersionDate "2018.10.10"]
[SourceQuality "1"]
[WhiteTeam "Lublin UMCS"]
[BlackTeam "Poznan Pocztowiec"]
[WhiteTeamCountry "POL"]
[BlackTeamCountry "POL"]

1. e4 e6 2. d4 d5 3. Nc3 Bb4 4. exd5 exd5 5. Bd3 Ne7 6. Qh5 c5 7. dxc5 Nd7 8. Bd2 Nxc5 9. Bb5+ Bd7 10. 0-0-0 Bxb5 11. Nxb5 Bxd2+ 12. Rxd2 Ne4 13. Re2 0-0 14. f3 Nf6 15. Qg5 Nc6 16. Nc3 h6 17. Qh4 b5 18. g4 b4 19. Na4 1/2-1/2

[Event "Rudnik op 11th"]
[Site "Rudnik"]
[Date "2000.07.06"]
[Round "8"]
[White "Jakubowski, Tomasz"]
[Black "Kosiorek, Marek"]
[Result "1/2-1/2"]
[WhiteElo "2311"]
[BlackElo "2378"]
[PlyCount "38"]
[EventDate "2000.06.28"]
[EventType "tourn"]
[EventRounds "10"]
[EventCountry "POL"]
[SourceTitle "EXT 2005"]
[Source "ChessBase"]
[SourceDate "2004.11.15"]
[SourceVersion "1"]
[SourceVersionDate "2004.11.15"]
[SourceQuality "1"]

1. e4 c5 2. Nf3 e6 3. d3 d5 4. Nbd2 Nc6 5. g3 g6 6. Bg2 Bg7 7. 0-0 Nge7 8. Re1 0-0 9. Nf1 dxe4 10. dxe4 Qxd1 11. Rxd1 b6 12. Ne3 Ba6 13. Bf1 Bxf1 14. Kxf1 Rad8 15. c3 Rxd1+ 16. Nxd1 Rd8 17. Ke2 Na5 18. Ne3 Nec6 19. Bd2 Kf8 1/2-1/2

[Event "Rudnik op 11th"]
[Site "Rudnik"]
[Date "2000.07.05"]
[Round "7"]
[White "Jakubowski, Tomasz"]
[Black "Kielb, Boguslaw"]
[Result "1-0"]
[WhiteElo "2311"]
[BlackElo "2066"]
[PlyCount "96"]
[EventDate "2000.06.28"]
[EventType "tourn"]
[EventRounds "10"]
[EventCountry "POL"]
[SourceTitle "EXT 2005"]
[Source "ChessBase"]
[SourceDate "2004.11.15"]
[SourceVersion "1"]
[SourceVersionDate "2004.11.15"]
[SourceQuality "1"]

1. e4 c5 2. Nf3 Nc6 3. Bb5 e6 4. Bxc6 dxc6 5. 0-0 g6 6. d3 Bg7 7. e5 Qc7 8. Bf4 h6 9. Re1 b6 10. Nc3 Bb7 11. a4 a5 12. Ne4 0-0-0 13. c3 Bf8 14. Nd6+ Kb8 15. d4 cxd4 16. cxd4 Rh7 17. Qc2 Ne7 18. Nd2 Nd5 19. Bg3 f5 20. f3 Rg7 21. Rac1 f4 22. Bf2 Bxd6 23. exd6 Qxd6 24. Nc4 Qd7 25. Ne5 Qd6 26. Nxc6+ Bxc6 27. Qxc6 Rc7 28. Qb5 Rdc8 29. Rxc7 Nxc7 30. Qd3 Rg8 31. h3 Kb7 32. Re5 Qc6 33. b3 Rg7 34. Qd2 g5 35. b4 axb4 36. Qxb4 Rf7 37. a5 Nd5 38. Qb3 b5 39. Be1 Ka6 40. Bb4 Rf6 41. Bc5 Qb7 42. Qd3 Qd7 43. Re1 Ne3 44. Qe4 Nd5 45. Rc1 Rf5 46. Rc2 Rf6 47. Qe5 Rf7 48. Qb8 Qb7 1-0

[Event "Polanica Zdroj op"]
[Site "Polanica Zdroj"]
[Date "1998.??.??"]
[Round "?"]
[White "Jakubowski, Tomasz"]
[Black "Bystrov, Sergej Mikhailovich"]
[Result "1-0"]
[WhiteElo "2220"]
[BlackElo "2320"]
[PlyCount "63"]
[EventDate "1998.??.??"]
[EventType "swiss"]
[EventRounds "10"]
[EventCountry "POL"]
[SourceTitle "EXT 2003"]
[Source "ChessBase"]
[SourceDate "2002.11.25"]
[SourceVersion "1"]
[SourceVersionDate "2002.11.25"]
[SourceQuality "1"]

1. e4 c5 2. Nf3 Nc6 3. Bb5 g6 4. 0-0 Bg7 5. Re1 Nf6 6. c3 0-0 7. d4 d5 8. exd5 Qxd5 9. dxc5 Qxc5 10. Na3 Nd5 11. Qe2 Bg4 12. h3 Bxf3 13. Qxf3 Rad8 14. Bf1 Nxc3 15. bxc3 Bxc3 16. Nc2 Bxe1 17. Nxe1 Qe5 18. Nc2 Nb4 19. Bf4 Qf6 20. Rc1 Nxa2 21. Re1 Rc8 22. Ne3 Qc3 23. Re2 Nc1 24. Rc2 Qa1 25. Rxc8 Rxc8 26. Nd5 Rc5 27. Nxe7+ Kg7 28. Qe3 g5 29. Qxc5 Ne2+ 30. Kh2 Qxf1 31. Nf5+ Kg6 32. Nh4+ 1-0

[Event "POL-chT 2nd League South"]
[Site "Wisla"]
[Date "1998.??.??"]
[Round "?"]
[White "Siekaniec, Jan"]
[Black "Jakubowski, Tomasz"]
[Result "0-1"]
[WhiteElo "2240"]
[BlackElo "2220"]
[PlyCount "110"]
[EventDate "1998.11.20"]
[EventType "team-swiss"]
[EventRounds "10"]
[EventCountry "POL"]
[SourceTitle "EXT 2000"]
[Source "ChessBase"]
[SourceDate "1999.11.16"]
[SourceVersion "1"]
[SourceVersionDate "1999.11.16"]
[SourceQuality "1"]

1. e4 c5 2. Nf3 d6 3. d4 cxd4 4. Nxd4 Nf6 5. Nc3 a6 6. Be2 e5 7. Nb3 Be6 8. Be3 Be7 9. 0-0 0-0 10. a4 Nbd7 11. f4 exf4 12. Rxf4 Ne5 13. Nd4 Nfd7 14. Rf1 Rc8 15. Kh1 Re8 16. Nf5 Nb6 17. Bd4 Bf8 18. b3 g6 19. Ne3 Bg7 20. a5 Nbd7 21. Ncd5 Nc5 22. Bf3 Qh4 23. g3 Qh6 24. Bg2 Bh3 25. Qe2 Ned7 26. Bxg7 Bxg2+ 27. Qxg2 Qxg7 28. Rae1 Nxe4 29. Nc4 f5 30. Rxe4 fxe4 31. Nxd6 Qd4 32. Nxc8 Qxd5 33. Nb6 Nxb6 34. axb6 Qc5 35. Qf2 Qxf2 36. Rxf2 Re6 37. Re2 Kf7 38. Kg2 Kf8 39. Rf2+ Ke7 40. Re2 Kd6 41. Kf2 Ke5 42. Ke3 Rxb6 43. Rd2 Rd6 44. Rxd6 Kxd6 45. Kxe4 Kc5 46. c3 a5 47. Kd3 b5 48. Kc2 Kd5 49. Kd2 Ke4 50. h3 h6 51. g4 g5 52. Kc1 Kd3 53. Kb2 a4 54. c4 bxc4 55. bxa4 Kd2 0-1

[Event "MK Cafe Cup-B"]
[Site "Koszalin"]
[Date "1998.??.??"]
[Round "4"]
[White "Stoklosa, Seweryn"]
[Black "Jakubowski, Tomasz"]
[Result "1/2-1/2"]
[WhiteElo "2065"]
[BlackElo "2220"]
[PlyCount "111"]
[EventDate "1998.08.??"]
[EventType "swiss"]
[EventRounds "10"]
[EventCountry "POL"]
[SourceTitle "EXT 1999"]
[Source "ChessBase"]
[SourceDate "1998.11.16"]
[SourceVersion "1"]
[SourceVersionDate "1998.11.16"]
[SourceQuality "1"]

1. e4 c5 2. Nf3 d6 3. d4 cxd4 4. Nxd4 Nf6 5. Nc3 a6 6. Be3 e5 7. Nf3 h6 8. Bc4 Nbd7 9. 0-0 Be7 10. Qe2 Nb6 11. Bb3 Bd7 12. Rfd1 Qc7 13. a4 Rc8 14. Nd2 Bc6 15. Qf3 0-0 16. a5 Nbd7 17. Qg3 Kh8 18. f3 Nh7 19. Nd5 Bxd5 20. Bxd5 Bg5 21. Bxg5 Nxg5 22. Nc4 Nh7 23. b3 Nhf6 24. Qf2 Nc5 25. Rd2 Rcd8 26. Rad1 Kh7 27. Nb6 Nfd7 28. b4 Ne6 29. Bxe6 fxe6 30. Rxd6 Nxb6 31. Qxb6 Rxd6 32. Qxc7 Rxd1+ 33. Kf2 Rd2+ 34. Ke3 Rxg2 35. Qxb7 Rxc2 36. Kd3 Rxh2 37. Qxa6 Rxf3+ 38. Kc4 h5 39. Qxe6 h4 40. Qxe5 Rc2+ 41. Kb5 Rf6 42. Qh5+ Rh6 43. Qf5+ Kh8 44. Qh3 Rcc6 45. Ka4 Rce6 46. Qh1 h3 47. b5 Rh4 48. b6 Rexe4+ 49. Kb5 Rh5+ 50. Kc6 Rh6+ 51. Kc7 Rc4+ 52. Kb7 h2 53. a6 Rb4 54. Kc7 Rbxb6 55. a7 Rbc6+ 56. Kd7 1/2-1/2

[Event "MK Cafe Cup-B"]
[Site "Koszalin"]
[Date "1998.??.??"]
[Round "2"]
[White "Tobak, Andrey"]
[Black "Jakubowski, Tomasz"]
[Result "1-0"]
[WhiteElo "2350"]
[BlackElo "2220"]
[PlyCount "71"]
[EventDate "1998.08.??"]
[EventType "swiss"]
[EventRounds "10"]
[EventCountry "POL"]
[SourceTitle "EXT 1999"]
[Source "ChessBase"]
[SourceDate "1998.11.16"]
[SourceVersion "1"]
[SourceVersionDate "1998.11.16"]
[SourceQuality "1"]

1. d4 Nf6 2. c4 g6 3. Nc3 Bg7 4. e4 d6 5. Be2 0-0 6. Nf3 e5 7. 0-0 Nc6 8. d5 Ne7 9. Ne1 Nd7 10. f3 f5 11. g4 Kh8 12. Ng2 Ng8 13. h4 Ngf6 14. Be3 a5 15. exf5 gxf5 16. g5 Nh5 17. f4 Ng3 18. Rf3 Nxe2+ 19. Qxe2 exf4 20. Nxf4 Ne5 21. Rg3 Ng4 22. Qd2 Nxe3 23. Qxe3 Re8 24. Qf3 c6 25. Qf2 Rb8 26. Rd1 Bd7 27. dxc6 Bxc6 28. c5 Be5 29. cxd6 b5 30. Re3 b4 31. Rxe5 bxc3 32. Qd4 Rxe5 33. Qxe5+ Kg8 34. bxc3 Rb2 35. d7 Bxd7 36. Qd5+ 1-0

[Event "Polanica Zdroj op"]
[Site "Polanica Zdroj"]
[Date "1998.??.??"]
[Round "?"]
[White "Zezulkin, Jurij"]
[Black "Jakubowski, Tomasz"]
[Result "1-0"]
[WhiteElo "2505"]
[BlackElo "2220"]
[PlyCount "79"]
[EventDate "1998.??.??"]
[EventType "swiss"]
[EventRounds "10"]
[EventCountry "POL"]
[SourceTitle "EXT 2003"]
[Source "ChessBase"]
[SourceDate "2002.11.25"]
[SourceVersion "1"]
[SourceVersionDate "2002.11.25"]
[SourceQuality "1"]

1. e4 c5 2. Nf3 d6 3. d4 cxd4 4. Nxd4 Nf6 5. Nc3 a6 6. Be3 e5 7. Nf3 Be7 8. Bc4 Qc7 9. Bb3 0-0 10. 0-0 Nbd7 11. Rc1 h6 12. Nd2 Nb6 13. Bxb6 Qxb6 14. Nc4 Qc6 15. Qd3 Nd7 16. Nd5 Bg5 17. Nde3 Rd8 18. Qxd6 Qxe4 19. Rcd1 b5 20. Na5 Nf8 21. Qc6 Qxc6 22. Nxc6 Re8 23. Bd5 Be6 24. Nxe5 Bxd5 25. Rxd5 f6 26. Nd3 Bxe3 27. fxe3 Rxe3 28. Kf2 Rae8 29. Re1 Rxe1 30. Nxe1 Ne6 31. Nd3 Ng5 32. Nc5 Ne4+ 33. Nxe4 Rxe4 34. Rd6 Ra4 35. a3 Kf7 36. Ke3 Kg6 37. Rd4 Rxd4 38. Kxd4 Kf5 39. Kd5 Kf4 40. Ke6 1-0

[Event "POL-chT 52nd"]
[Site "Augustow"]
[Date "1996.12.07"]
[Round "11"]
[White "Jasnikowski, Zbigniew"]
[Black "Jakubowski, Tomasz"]
[Result "1/2-1/2"]
[WhiteElo "2440"]
[BlackElo "2235"]
[PlyCount "48"]
[EventDate "1996.11.27"]
[EventType "team-tourn"]
[EventRounds "11"]
[EventCountry "POL"]
[SourceTitle "EXT 2019"]
[Source "ChessBase"]
[SourceDate "2018.10.10"]
[SourceVersion "1"]
[SourceVersionDate "2018.10.10"]
[SourceQuality "1"]
[WhiteTeam "Plock PTSz"]
[BlackTeam "Wroclaw Hetman"]
[WhiteTeamCountry "POL"]
[BlackTeamCountry "POL"]

1. d4 d5 2. c4 c6 3. Nf3 Nf6 4. Nc3 e6 5. Bg5 dxc4 6. e4 b5 7. e5 h6 8. Bh4 g5 9. Nxg5 hxg5 10. Bxg5 Nbd7 11. exf6 Bb7 12. g3 c5 13. d5 Bh6 14. Bxh6 Rxh6 15. Bg2 Qxf6 16. Nxb5 Qe5+ 17. Qe2 Kf8 18. Qxe5 Nxe5 19. 0-0 Bxd5 20. Rfe1 Nd3 21. Re2 Rb8 22. Nc3 Bxg2 23. Kxg2 Rxb2 24. Rxb2 Nxb2 1/2-1/2

[Event "POL-chT 52nd"]
[Site "Augustow"]
[Date "1996.12.04"]
[Round "8"]
[White "Matlak, Marek"]
[Black "Jakubowski, Tomasz"]
[Result "0-1"]
[WhiteElo "2445"]
[BlackElo "2235"]
[PlyCount "90"]
[EventDate "1996.11.27"]
[EventType "team-tourn"]
[EventRounds "11"]
[EventCountry "POL"]
[SourceTitle "EXT 2019"]
[Source "ChessBase"]
[SourceDate "2018.10.10"]
[SourceVersion "1"]
[SourceVersionDate "2018.10.10"]
[SourceQuality "1"]
[WhiteTeam "Bielsko-Biala Wlokniarz"]
[BlackTeam "Wroclaw Hetman"]
[WhiteTeamCountry "POL"]
[BlackTeamCountry "POL"]

1. d4 d5 2. Nf3 Nf6 3. c4 c6 4. Qc2 e6 5. Bg5 Nbd7 6. cxd5 exd5 7. Nc3 Bd6 8. e3 0-0 9. Bd3 h6 10. Bh4 Re8 11. 0-0 Nf8 12. Rab1 Bg4 13. b4 Rc8 14. Rfc1 N8d7 15. Bg3 Bxg3 16. hxg3 Qe7 17. Nd2 h5 18. Re1 Qd6 19. a4 a6 20. a5 g6 21. Na4 Kg7 22. f3 Be6 23. Kf2 Rh8 24. Rh1 g5 25. Nf1 Rcg8 26. Nc5 Qc7 27. Bf5 Nxc5 28. bxc5 Rh6 29. Rb2 Re8 30. Qb1 Re7 31. Rb6 Bxf5 32. Qxf5 Ne4+ 33. fxe4 Rf6 34. Rxh5 Rxf5+ 35. exf5 f6 36. g4 Re4 37. Kf3 Rxd4 38. exd4 Qf4+ 39. Ke2 Qxg4+ 40. Kf2 Qxh5 41. Rxb7+ Kf8 42. g3 Qg4 43. Ne3 Qxd4 44. Rb6 Qxc5 45. Rxa6 d4 0-1

[Event "POL-chT 52nd"]
[Site "Augustow"]
[Date "1996.12.03"]
[Round "7"]
[White "Rozentalis, Eduardas"]
[Black "Jakubowski, Tomasz"]
[Result "1-0"]
[WhiteElo "2610"]
[BlackElo "2235"]
[PlyCount "67"]
[EventDate "1996.11.27"]
[EventType "team-tourn"]
[EventRounds "11"]
[EventCountry "POL"]
[SourceTitle "EXT 2019"]
[Source "ChessBase"]
[SourceDate "2018.10.10"]
[SourceVersion "1"]
[SourceVersionDate "2018.10.10"]
[SourceQuality "1"]
[WhiteTeam "Warszawa Polonia"]
[BlackTeam "Wroclaw Hetman"]
[WhiteTeamCountry "POL"]
[BlackTeamCountry "POL"]

1. e4 c5 2. Nf3 d6 3. d4 cxd4 4. Qxd4 a6 5. Bg5 Nc6 6. Qd2 g6 7. Qc3 Qa5 8. Qxa5 Nxa5 9. Nc3 Be6 10. 0-0-0 Bg7 11. Nd5 Rc8 12. Nd4 Bxd5 13. exd5 Nf6 14. Nb3 Nxb3+ 15. axb3 0-0 16. Be2 Rc7 17. f3 b5 18. b4 Ra8 19. Be3 Nd7 20. Kb1 Ne5 21. Bb6 Rb7 22. Ba5 Rc8 23. c3 Nc4 24. Bxc4 Rxc4 25. Rhe1 Be5 26. h3 e6 27. Kc2 Rb8 28. Rxe5 dxe5 29. d6 Rcc8 30. d7 Rd8 31. Bc7 Ra8 32. b3 Kf8 33. Bd6+ Kg7 34. Be7 1-0

[Event "POL-chT 52nd"]
[Site "Augustow"]
[Date "1996.11.27"]
[Round "1"]
[White "Pieniazek, Artur"]
[Black "Jakubowski, Tomasz"]
[Result "1/2-1/2"]
[WhiteElo "2425"]
[BlackElo "2235"]
[PlyCount "56"]
[EventDate "1996.11.27"]
[EventType "team-tourn"]
[EventRounds "11"]
[EventCountry "POL"]
[SourceTitle "EXT 2019"]
[Source "ChessBase"]
[SourceDate "2018.10.10"]
[SourceVersion "1"]
[SourceVersionDate "2018.10.10"]
[SourceQuality "1"]
[WhiteTeam "Glogow MOK Chrobry"]
[BlackTeam "Wroclaw Hetman"]
[WhiteTeamCountry "POL"]
[BlackTeamCountry "POL"]

1. d4 d5 2. c4 c6 3. Nf3 Nf6 4. Nc3 e6 5. cxd5 cxd5 6. Bg5 Nc6 7. e3 Be7 8. Bd3 0-0 9. 0-0 Bd7 10. Rc1 Rc8 11. Bb1 a6 12. Ne5 b5 13. f4 Ne8 14. Bxe7 Qxe7 15. Ne2 Nd6 16. Nxc6 Bxc6 17. Rc5 f5 18. Qb3 Nb7 19. Rc2 b4 20. Qd3 Bb5 21. Qd2 Nd6 22. Rxc8 Rxc8 23. b3 Bxe2 24. Qxe2 Nb5 25. Bd3 Nc3 26. Qd2 Rc6 27. Rc1 Qc7 28. Rc2 g6 1/2-1/2

[Event "POL-chT U18"]
[Site "Poland"]
[Date "1996.??.??"]
[Round "?"]
[White "Koc, Przemyslaw"]
[Black "Jakubowski, Tomasz"]
[Result "1/2-1/2"]
[WhiteElo "2230"]
[BlackElo "2205"]
[PlyCount "29"]
[EventDate "1996.??.??"]
[EventType "team"]
[EventRounds "11"]
[EventCountry "POL"]
[SourceTitle "EXT 1999"]
[Source "ChessBase"]
[SourceDate "1998.11.16"]
[SourceVersion "1"]
[SourceVersionDate "1998.11.16"]
[SourceQuality "1"]

1. e4 c5 2. d4 cxd4 3. c3 dxc3 4. Nxc3 Nc6 5. Nf3 e6 6. Bc4 d6 7. 0-0 Be7 8. Qe2 Nf6 9. Bf4 e5 10. Be3 0-0 11. h3 a6 12. Rfd1 b5 13. Bb3 Bb7 14. Rac1 Na5 15. Bd5 1/2-1/2

[Event "Legnica"]
[Site "Legnica"]
[Date "1995.??.??"]
[Round "?"]
[White "Grechanovskaya, Elena"]
[Black "Jakubowski, Tomasz"]
[Result "0-1"]
[WhiteElo "2100"]
[BlackElo "2215"]
[PlyCount "80"]
[EventDate "1995.??.??"]
[EventType "tourn"]
[EventRounds "9"]
[EventCountry "POL"]
[SourceTitle "EXT 1999"]
[Source "ChessBase"]
[SourceDate "1998.11.16"]
[SourceVersion "1"]
[SourceVersionDate "1998.11.16"]
[SourceQuality "1"]

1. d4 d5 2. Nf3 Nf6 3. Bf4 e6 4. e3 Be7 5. Bd3 0-0 6. h3 b6 7. 0-0 c5 8. c3 Bb7 9. Nbd2 Nbd7 10. Qe2 Ne4 11. Rfd1 f5 12. Ne5 Bh4 13. Bxe4 fxe4 14. Qg4 Nxe5 15. dxe5 d4 16. cxd4 cxd4 17. Qxe6+ Kh8 18. Nb3 d3 19. Rd2 Rc8 20. Nd4 Rxf4 21. exf4 Qxd4 22. Qd6 Qxd6 23. exd6 Kg8 24. a4 a5 25. Rb1 Bf6 26. g4 Bd4 27. Re1 Bc5 28. d7 Rd8 29. Rxd3 exd3 30. Re8+ Kf7 31. Rxd8 Ke7 32. Rg8 Kxd7 33. Rxg7+ Ke8 34. Rg8+ Bf8 35. Kf1 Bf3 36. Ke1 Kf7 37. Rxf8+ Kxf8 38. Kd2 Be2 39. g5 h5 40. f5 h4 0-1

[Event "Legnica"]
[Site "Legnica"]
[Date "1995.??.??"]
[Round "?"]
[White "Jakubowski, Tomasz"]
[Black "Ianov, Viktor"]
[Result "1/2-1/2"]
[WhiteElo "2215"]
[BlackElo "2360"]
[PlyCount "24"]
[EventDate "1995.??.??"]
[EventType "tourn"]
[EventRounds "9"]
[EventCountry "POL"]
[SourceTitle "EXT 1999"]
[Source "ChessBase"]
[SourceDate "1998.11.16"]
[SourceVersion "1"]
[SourceVersionDate "1998.11.16"]
[SourceQuality "1"]

1. d4 Nf6 2. c4 g6 3. Nc3 Bg7 4. e4 d6 5. f3 a6 6. Be3 Nbd7 7. Qd2 c5 8. Nge2 Qa5 9. Nc1 cxd4 10. Bxd4 0-0 11. Be2 Nc5 12. 0-0 Be6 1/2-1/2